000 00563nam a2200193Ia 4500
005 20250508160544.0
008 008 250505s9999 xx 000 0 eng d
037 _aTextual
040 _aFEDL
_beng
_cFEDL
041 _aeng
_2eng
084 _a378, NIB
_qFEDL
100 _aNiblett W R Ed.
_9292976
245 0 _aHigher education: Demand and response
260 _aLondon, UK
_bTavistock Publications
_c1969
300 _ax,261p.
490 _aThe Quail Roost seminar of December 1968
942 _cTEXL
_h378, NIB
999 _c1365319
_d1365319